[Event "18. Sparkassen Open 2019 - Gruppe A"]
[Site "Forchheim"]
[Date "2019.10.06"]
[Round "4.9"]
[White "Braun, Michael"]
[Black "Liemann, Michael"]
[Result "1/2-1/2"]
[WhiteElo "2061"]
[BlackElo "2188"]
[PlyCount "36"]
[EventDate "2019.??.??"]
[WhiteTeam "SG Büchenbach/Roth e.V."]

1. d4 d5 2. Bf4 c6 3. e3 Nf6 4. Nf3 Bg4 5. c4 Nbd7 6. Nbd2 Bxf3 7. Nxf3 Qa5+ 8.
Qd2 Qxd2+ 9. Nxd2 dxc4 10. Bxc4 Nh5 11. Bc7 Rc8 12. Ba5 e6 13. O-O Nhf6 14. Be2
b6 15. Bc3 Nd5 16. Rfc1 Be7 17. a3 O-O 18. b4 e5 1/2-1/2

[Event "18. Sparkassen Open 2019 - Gruppe A"]
[Site "Forchheim"]
[Date "2019.10.06"]
[Round "4.10"]
[White "Kleibel, Uwe"]
[Black "Bunk, Karsten"]
[Result "1/2-1/2"]
[WhiteElo "2202"]
[BlackElo "2105"]
[PlyCount "50"]
[EventDate "2019.??.??"]
[WhiteTeam "SC Ortenburg 1894 e.V."]
[BlackTeam "SC Schwarz-Weiß Nürnberg Süd e.V"]

1. e4 g6 2. d4 Bg7 3. Nc3 d6 4. Be3 a6 5. f4 b5 6. a4 b4 7. Nce2 Bb7 8. Ng3 Nd7
9. Nf3 c5 10. c3 bxc3 11. bxc3 Ngf6 12. Bd3 Qc7 13. O-O O-O 14. e5 Ng4 15. Bd2
e6 16. Ng5 Nh6 17. Qe2 Nf5 18. Nxf5 gxf5 19. a5 h6 20. Nf3 Kh8 21. Rfb1 Rg8 22.
Ng5 Rgf8 23. Qh5 Kg8 24. Nh3 Qc6 25. Bf1 Rab8 1/2-1/2

[Event "18. Sparkassen Open 2019 - Gruppe A"]
[Site "Forchheim"]
[Date "2019.10.06"]
[Round "4.11"]
[White "Tong, Kevin"]
[Black "Kirchner, Markus"]
[Result "1/2-1/2"]
[WhiteElo "2155"]
[BlackElo "2060"]
[PlyCount "62"]
[EventDate "2019.??.??"]
[WhiteTeam "SC Erlangen 48/88"]
[BlackTeam "1.Hainstädter SC 1950"]

1. e4 e6 2. d4 d5 3. Nd2 Nf6 4. e5 Nfd7 5. Bd3 c5 6. c3 Nc6 7. Ne2 cxd4 8. cxd4
f6 9. exf6 Nxf6 10. O-O Bd6 11. Nf3 O-O 12. Bf4 Bxf4 13. Nxf4 Ng4 14. Ne2 e5
15. dxe5 Ngxe5 16. Nxe5 Nxe5 17. Bc2 Qd6 18. Bb3 Be6 19. f3 Rad8 20. Nd4 Bd7
21. Qd2 Bc6 22. Rad1 Rfe8 23. Rfe1 Qf6 24. Qa5 Qh4 25. Qc3 Qf6 26. Re3 Re7 27.
Rde1 Rde8 28. Nc2 Qd6 29. Qd4 b6 30. a3 Qc5 31. Kh1 Qd6 1/2-1/2

[Event "18. Sparkassen Open 2019 - Gruppe A"]
[Site "Forchheim"]
[Date "2019.10.06"]
[Round "4.12"]
[White "Böhme, Markus"]
[Black "Feldheim, Jonas"]
[Result "1-0"]
[WhiteElo "2089"]
[BlackElo "2095"]
[PlyCount "59"]
[EventDate "2019.??.??"]
[WhiteTeam "SC Uttenreuth e.V."]
[BlackTeam "Spvgg 1946 e.V. Stetten"]

1. d4 d5 2. Bf4 Nf6 3. e3 c5 4. c3 Nc6 5. Nd2 Qb6 6. Qb3 c4 7. Qc2 g6 8. h3 Bg7
9. Ngf3 O-O 10. Be2 Re8 11. O-O Bf5 12. Qc1 Rac8 13. Ne5 Ne4 14. g4 Nxd2 15.
Qxd2 Be6 16. Rab1 f6 17. Nf3 h5 18. Qc2 hxg4 19. hxg4 g5 20. Bg3 Bxg4 21. b3
Qa6 22. bxc4 dxc4 23. Kg2 Na5 24. Rh1 Qe6 25. Rb5 b6 26. Nxg5 Qc6+ 27. d5 Qxb5
28. Rh8+ Bxh8 29. Qh7+ Kf8 30. Qf7# 1-0

[Event "18. Sparkassen Open 2019 - Gruppe A"]
[Site "Forchheim"]
[Date "2019.10.06"]
[Round "4.13"]
[White "Adelhütte, Dennis"]
[Black "Manthey, Frank"]
[Result "1/2-1/2"]
[WhiteElo "2008"]
[BlackElo "2058"]
[PlyCount "93"]
[EventDate "2019.??.??"]
[WhiteTeam "SC JÄKLECHEMIE Talente Franken e"]
[BlackTeam "SK Schwanstetten 79 e.V."]

1. d4 d5 2. c4 e6 3. Nc3 Nf6 4. cxd5 exd5 5. Bg5 Be7 6. e3 O-O 7. Bd3 Nbd7 8.
Nge2 Re8 9. Qc2 Nf8 10. O-O c6 11. f3 Nh5 12. Bxe7 Qxe7 13. e4 dxe4 14. fxe4
Nf6 15. Rae1 Bg4 16. e5 Nd5 17. Nxd5 cxd5 18. Nc3 Be6 19. Nb5 Rec8 20. Qd2 a6
21. Nd6 Rc7 22. Rf3 f6 23. Nf5 Bxf5 24. exf6 Qxf6 25. Bxf5 Qd6 26. Qe3 Ng6 27.
Qe6+ Qxe6 28. Bxe6+ Kh8 29. Bxd5 Rd7 30. Rfe3 Rf8 31. Bf3 Kg8 32. d5 Rfd8 33.
Bg4 Rd6 34. Be6+ Kh8 35. Bf7 h6 36. Re8+ Kh7 37. R8e6 Nf4 38. Rxd6 Rxd6 39. Rd1
g5 40. g3 Ng6 41. Rc1 Ne5 42. Be6 Kg6 43. Rc7 b5 44. b3 Kf6 45. a3 Nf3+ 46. Kg2
Nd4 47. b4 1/2-1/2

[Event "18. Sparkassen Open 2019 - Gruppe A"]
[Site "Forchheim"]
[Date "2019.10.06"]
[Round "4.14"]
[White "Blodig, Stefan"]
[Black "Niebler, Paul"]
[Result "1-0"]
[WhiteElo "2131"]
[BlackElo "1920"]
[PlyCount "55"]
[EventDate "2019.??.??"]
[WhiteTeam "TV Riedenburg Schach"]

1. e4 e6 2. d4 d5 3. e5 c5 4. c3 Nc6 5. Nf3 Qb6 6. a3 Nh6 7. b4 cxd4 8. cxd4
Nf5 9. Be3 f6 10. exf6 gxf6 11. Nc3 Nxe3 12. fxe3 Bh6 13. Bb5 Bxe3 14. Qe2 Bxd4
15. Nxd5 Qd8 16. Rd1 Bb6 17. Ng5 O-O 18. Qh5 fxg5 19. Bd3 Rf7 20. Bxh7+ Kf8 21.
Qh6+ Ke8 22. Bg6 Bf2+ 23. Ke2 Nd4+ 24. Rxd4 Bxd4 25. Bxf7+ Kxf7 26. Rf1+ Ke8
27. Qf8+ Kd7 28. Rf7+ 1-0

[Event "18. Sparkassen Open 2019 - Gruppe A"]
[Site "Forchheim"]
[Date "2019.10.06"]
[Round "4.15"]
[White "Sattler, Stefan"]
[Black "Löllmann, Heinrich"]
[Result "1-0"]
[WhiteElo "2075"]
[BlackElo "1941"]
[PlyCount "81"]
[EventDate "2019.??.??"]
[WhiteTeam "SK 1911 Herzogenaurach e.V."]
[BlackTeam "SV Bubenreuth e.V."]

1. e4 e6 2. d4 d5 3. Nd2 c5 4. c3 cxd4 5. cxd4 dxe4 6. Nxe4 Nc6 7. Nf3 Bb4+ 8.
Nc3 Nf6 9. Bd3 O-O 10. O-O h6 11. a3 Bd6 12. Qe2 a6 13. Rd1 Ne7 14. Ne5 Ned5
15. Ne4 Qe7 16. Nxd6 Qxd6 17. g4 b5 18. h4 Nd7 19. g5 hxg5 20. hxg5 g6 21. Qe4
Nxe5 22. dxe5 Qe7 23. Qh4 Re8 24. Be4 Bb7 25. Rd3 Qf8 26. Bd2 a5 27. Kg2 Qg7
28. Qh2 Kf8 29. Rh3 Ke7 30. Rh7 Qg8 31. f3 Kd7 32. Qh6 Re7 33. Rh1 Bc6 34. Qh4
Kc7 35. Qe1 Kb6 36. Qf2+ Kb7 37. Rh8 Qxh8 38. Rxh8 Rxh8 39. Bxa5 Kc8 40. Qc5
Kd7 41. Qd6+ 1-0

[Event "18. Sparkassen Open 2019 - Gruppe A"]
[Site "Forchheim"]
[Date "2019.10.06"]
[Round "4.16"]
[White "Schimmele, Alexander"]
[Black "Kilian, Markus"]
[Result "1/2-1/2"]
[WhiteElo "1893"]
[BlackElo "2087"]
[PlyCount "112"]
[EventDate "2019.??.??"]
[WhiteTeam "SC Neckarsulm e.V."]
[BlackTeam "ESV Lok Meiningen"]

1. e4 g6 2. d4 Bg7 3. Nc3 d6 4. f4 Nf6 5. Nf3 O-O 6. Bd3 Nc6 7. h3 e5 8. fxe5
dxe5 9. d5 Nd4 10. Be3 Ne8 11. O-O Nd6 12. Bxd4 exd4 13. Nb5 Re8 14. Re1 c6 15.
Nxd6 Qxd6 16. Bc4 Bd7 17. Qd3 b5 18. Bb3 c5 19. e5 Bxe5 20. Nxe5 Rxe5 21. Rxe5
Qxe5 22. c4 dxc3 23. Qxc3 Qxc3 24. bxc3 c4 25. Bd1 Re8 26. Kf2 Re5 27. Bf3 f5
28. Rd1 Kf7 29. Rd4 g5 30. a4 a6 31. axb5 axb5 32. g4 f4 33. Be4 h6 34. d6 Ke8
35. Kf3 Rc5 36. Kf2 Kd8 37. Ke2 Bc6 38. Bxc6 Rxc6 39. Rd5 Kd7 40. Rxb5 Rxd6 41.
h4 Re6+ 42. Kf2 gxh4 43. Rh5 Re3 44. Rxh4 Rxc3 45. Rxh6 Rg3 46. Rf6 Rxg4 47.
Kf3 Rg1 48. Rxf4 Rf1+ 49. Ke3 Rxf4 50. Kxf4 Kc6 51. Ke3 Kb5 52. Kd2 Kb4 53. Kc2
c3 54. Kc1 Kb3 55. Kb1 c2+ 56. Kc1 Kc3 1/2-1/2

[Event "18. Sparkassen Open 2019 - Gruppe A"]
[Site "Forchheim"]
[Date "2019.10.06"]
[Round "4.17"]
[White "Ulusoy, Tolga"]
[Black "Heppert, Lars"]
[Result "1-0"]
[WhiteElo "2023"]
[BlackElo "1902"]
[PlyCount "43"]
[EventDate "2019.??.??"]
[WhiteTeam "SC Noris-Tarrasch Nürnberg 1873"]
[BlackTeam "SK Marburg 1931/72"]

1. e4 c5 2. c3 g6 3. d4 cxd4 4. cxd4 d5 5. Nc3 dxe4 6. Bc4 Nf6 7. Qb3 e6 8. d5
exd5 9. Nxd5 Bg7 10. Bg5 O-O 11. O-O-O Nbd7 12. Kb1 Qa5 13. Bd2 Qd8 14. Bb4 Re8
15. Nh3 Ng4 16. Nc7 Nge5 17. Nxa8 a5 18. Bd6 Qf6 19. Nc7 Rd8 20. Ba3 Qc6 21.
Nd5 Re8 22. Bb5 1-0

[Event "18. Sparkassen Open 2019 - Gruppe A"]
[Site "Forchheim"]
[Date "2019.10.06"]
[Round "4.18"]
[White "Vennemann, Jürgen"]
[Black "Diller, Peter"]
[Result "1-0"]
[WhiteElo "1949"]
[BlackElo "2003"]
[PlyCount "123"]
[EventDate "2019.??.??"]
[WhiteTeam "SC Hersbruck"]
[BlackTeam "SK Rothenburg e.V."]

1. d4 e6 2. c4 d5 3. cxd5 exd5 4. Nc3 Nf6 5. Bg5 c6 6. Qc2 Be6 7. e3 Bd6 8. Bd3
h6 9. Bh4 Nbd7 10. Nge2 Qe7 11. f3 Nb6 12. e4 dxe4 13. fxe4 g5 14. Bf2 Bc7 15.
O-O-O O-O-O 16. h3 Kb8 17. Kb1 Nh5 18. Rhf1 Rhf8 19. Na4 Nxa4 20. Qxa4 Bb6 21.
Bg1 Ng7 22. Rc1 f5 23. d5 fxe4 24. Bxb6 axb6 25. Rxf8 Rxf8 26. Qxe4 cxd5 27.
Qe5+ Ka7 28. Nd4 Rf4 29. Nb5+ Ka6 30. Qb8 Rc4 31. a4 Rxc1+ 32. Kxc1 Ka5 33.
Qa7+ Kb4 34. Qxb6 Qc5+ 35. Qxc5+ Kxc5 36. Kd2 Nh5 37. Kc3 Nf4 38. b4+ Kc6 39.
Bf1 g4 40. Nd4+ Kd6 41. Nxe6 Nxe6 42. hxg4 Ke5 43. a5 Kd6 44. Be2 Nd8 45. Kb3
Nc6 46. Ka4 Nd4 47. Bd1 Kc6 48. Bf3 Kd6 49. b5 Kc5 50. a6 bxa6 51. bxa6 Nc6 52.
Kb3 Na7 53. Kc3 Nc6 54. Kd2 Na7 55. Ke3 Nc8 56. Kf4 d4 57. Kf5 Kb6 58. Be2 Kc5
59. Kg6 Kb4 60. Kxh6 Kc3 61. g5 Kd2 62. Bg4 1-0

[Event "18. Sparkassen Open 2019 - Gruppe A"]
[Site "Forchheim"]
[Date "2019.10.06"]
[Round "4.19"]
[White "Paeslack, Luis"]
[Black "Mehling, Katharina"]
[Result "1/2-1/2"]
[WhiteElo "1936"]
[BlackElo "2020"]
[PlyCount "43"]
[EventDate "2019.??.??"]
[WhiteTeam "TV-Großostheim 1900 e.V."]
[BlackTeam "Spvgg 1946 e.V. Stetten"]

1. d4 f5 2. Bg5 h6 3. Bh4 g5 4. Bg3 Nf6 5. e3 d6 6. Bc4 e6 7. h4 Rg8 8. hxg5
hxg5 9. Nc3 Qe7 10. Nge2 Nbd7 11. Bb3 Bg7 12. a4 Nf8 13. Qd3 Bd7 14. O-O-O a6
15. f3 O-O-O 16. e4 fxe4 17. fxe4 Kb8 18. Kb1 Be8 19. d5 N6d7 20. Bf2 Nc5 21.
Bxc5 dxc5 22. Qg3 1/2-1/2

[Event "18. Sparkassen Open 2019 - Gruppe A"]
[Site "Forchheim"]
[Date "2019.10.06"]
[Round "4.20"]
[White "Atkinson, Paul"]
[Black "Sippl, Martin"]
[Result "1-0"]
[WhiteElo "2145"]
[BlackElo "2065"]
[PlyCount "74"]
[EventDate "2019.??.??"]
[WhiteTeam "SV Empor Berlin e.V."]
[BlackTeam "SC Postbauer-Heng e.V"]

1. Nf3 Nf6 2. c4 d6 3. d4 Nbd7 4. Nc3 e5 5. e3 c6 6. Be2 Be7 7. Qc2 Qc7 8. Bd2
O-O 9. O-O g6 10. a3 Nh5 11. b4 f5 12. dxe5 dxe5 13. c5 Ng7 14. Bc4+ Kh8 15.
Ne2 g5 16. Rfd1 g4 17. Ne1 Rf6 18. Bc3 Rh6 19. Qb2 Bf6 20. Ng3 b6 21. Rd6 bxc5
22. Rad1 cxb4 23. Qxb4 c5 24. Qb2 Ne8 25. Nxf5 Nxd6 26. Nxd6 Rg6 27. Ne8 Qb6
28. Qa1 Bg7 29. Nxg7 Rxg7 30. Nd3 Bb7 31. Nxe5 Nf6 32. Nxg4 Qc6 33. f3 Ne8 34.
Ne5 Qa4 35. Nf7+ Kg8 36. Nh6+ Kh8 37. Nf5 Qxc4 1-0

[Event "18. Sparkassen Open 2019 - Gruppe A"]
[Site "Forchheim"]
[Date "2019.10.06"]
[Round "5.1"]
[White "Homi, Joseph"]
[Black "Miller, Eduard"]
[Result "1/2-1/2"]
[WhiteElo "1997"]
[BlackElo "2402"]
[PlyCount "73"]
[EventDate "2019.??.??"]
[WhiteTeam "SGem 1882 Fürth"]
[BlackTeam "SC Erlangen 48/88"]

1. e4 c5 2. Nf3 Nc6 3. d4 cxd4 4. Nxd4 g6 5. c4 Nf6 6. Nc3 d6 7. Be2 Nxd4 8.
Qxd4 Bg7 9. Be3 O-O 10. Qd2 Be6 11. O-O Qa5 12. Rac1 a6 13. f3 Rfe8 14. b3 b5
15. Nb1 Qxd2 16. Nxd2 b4 17. f4 Ng4 18. Bxg4 Bxg4 19. Kf2 a5 20. h3 Bd7 21. Ke2
a4 22. Kd3 axb3 23. axb3 f5 24. Bd4 Bxd4 25. Kxd4 Ra2 26. Rfd1 fxe4 27. g4 Bc6
28. Nxe4 Rh2 29. Rh1 Rxh1 30. Rxh1 Ra8 31. Re1 Ra2 32. c5 d5 33. Ng5 Rd2+ 34.
Ke3 Rb2 35. Kd4 Rd2+ 36. Ke3 Rb2 37. Kd4 1/2-1/2

[Event "18. Sparkassen Open 2019 - Gruppe A"]
[Site "Forchheim"]
[Date "2019.10.06"]
[Round "5.2"]
[White "von Zimmermann, Georg"]
[Black "Ammon, Tobias"]
[Result "1/2-1/2"]
[WhiteElo "2051"]
[BlackElo "2156"]
[PlyCount "93"]
[EventDate "2019.??.??"]
[WhiteTeam "MSA Zugzwang 82 e.V."]
[BlackTeam "SV Altensittenbach"]

1. e4 c6 2. d4 d5 3. Nc3 dxe4 4. Nxe4 Bf5 5. Ng3 Bg6 6. h4 h6 7. Nf3 Nd7 8. h5
Bh7 9. Bd3 Bxd3 10. Qxd3 e6 11. Bd2 Ngf6 12. Qe2 Be7 13. O-O-O O-O 14. Ne5 c5
15. dxc5 Qc7 16. Nxd7 Qxd7 17. Ne4 Qa4 18. Nc3 Qc6 19. g4 Qxc5 20. f4 Rac8 21.
g5 Nd5 22. gxh6 gxh6 23. f5 Nxc3 24. Bxc3 Bg5+ 25. Kb1 Qxf5 26. Rhf1 Qc5 27.
Qe4 Qc7 28. Rf6 Qxc3 29. Rg6+ Qg7 30. Rxg7+ Kxg7 31. Qd4+ Kg8 32. Qxa7 Rc7 33.
Rg1 Rd7 34. Qf2 Rfd8 35. Qf3 Kg7 36. a4 Ra8 37. a5 Rd5 38. b4 Rc8 39. Qb3 Kf8
40. Qb2 Ke7 41. Rf1 Rc4 42. b5 Rcd4 43. Rf3 Rb4 44. Rb3 Ra4 45. Ra3 Rb4 46. Rb3
Ra4 47. Ra3 1/2-1/2

[Event "18. Sparkassen Open 2019 - Gruppe A"]
[Site "Forchheim"]
[Date "2019.10.06"]
[Round "5.3"]
[White "Blum, Frederik"]
[Black "Englert, Jon"]
[Result "1/2-1/2"]
[WhiteElo "2031"]
[BlackElo "2072"]
[PlyCount "75"]
[EventDate "2019.??.??"]
[WhiteTeam "Spvgg Böblingen"]
[BlackTeam "TV-Großostheim 1900 e.V."]

1. e4 g6 2. d4 Bg7 3. Nc3 d6 4. Be3 Nd7 5. Qd2 a6 6. Bd3 b5 7. a4 b4 8. Nce2 c5
9. c3 bxc3 10. bxc3 cxd4 11. cxd4 Ngf6 12. Bh6 Bxh6 13. Qxh6 Qa5+ 14. Qd2 Qxd2+
15. Kxd2 a5 16. Nc3 O-O 17. Nge2 Ba6 18. Bxa6 Rxa6 19. Rab1 Rc8 20. f3 Nb6 21.
Rb5 Nc4+ 22. Kd3 Rac6 23. Rb7 e6 24. Rhb1 g5 25. g4 d5 26. e5 Ne8 27. Rb8 Kg7
28. Rxc8 Rxc8 29. Nb5 f6 30. f4 gxf4 31. exf6+ Nxf6 32. Nxf4 Kf7 33. g5 Ne4 34.
h4 Ke7 35. Na7 Rc7 36. Nb5 Rc8 37. Na7 Rc7 38. Nb5 1/2-1/2

[Event "18. Sparkassen Open 2019 - Gruppe A"]
[Site "Forchheim"]
[Date "2019.10.06"]
[Round "5.4"]
[White "Meulner, Fabian"]
[Black "Meulner, Klaus"]
[Result "1/2-1/2"]
[WhiteElo "1983"]
[BlackElo "2090"]
[PlyCount "93"]
[EventDate "2019.??.??"]
[WhiteTeam "SGem 1882 Fürth"]
[BlackTeam "SC Schwarz-Weiß Nürnberg Süd e.V"]

1. d4 d5 2. c4 e6 3. Nf3 Nf6 4. Nc3 Be7 5. Bf4 O-O 6. e3 b6 7. Rc1 Bb7 8. Bd3
c5 9. O-O cxd4 10. exd4 dxc4 11. Bxc4 Nd5 12. Bd2 Nxc3 13. bxc3 Nc6 14. Re1 Rc8
15. Bd3 Bf6 16. Qe2 Na5 17. Ne5 Qd5 18. Qg4 Nc6 19. Qh3 g6 20. Bc4 Qd8 21. Nxf7
Rxf7 22. Bxe6 Rcc7 23. Bf4 Rce7 24. d5 Rxe6 25. Qxe6 Ne7 26. d6 Nf5 27. Rcd1
Qd7 28. Qe8+ Kg7 29. Be5 Qxe8 30. Bxf6+ Kxf6 31. Rxe8 Bc6 32. Rc8 Ba4 33. Rd2
Rd7 34. Rf8+ Ke6 35. Re8+ Kf7 36. Re4 Bc6 37. Rf4 h5 38. h3 h4 39. g4 hxg3 40.
fxg3 Ke6 41. g4 Nxd6 42. Re2+ Ne4 43. Rfxe4+ Bxe4 44. Rxe4+ Kf6 45. Kf2 Rd2+
46. Re2 Rd3 47. Re3 1/2-1/2

[Event "18. Sparkassen Open 2019 - Gruppe A"]
[Site "Forchheim"]
[Date "2019.10.06"]
[Round "5.5"]
[White "Schulz, Lukas"]
[Black "Kleibel, Uwe"]
[Result "1/2-1/2"]
[WhiteElo "2345"]
[BlackElo "2202"]
[PlyCount "37"]
[EventDate "2019.??.??"]
[WhiteTeam "SC Erlangen 48/88"]
[BlackTeam "SC Ortenburg 1894 e.V."]

1. e4 c6 2. d4 d5 3. Nc3 dxe4 4. h3 Bf5 5. g4 Bg6 6. Bg2 e6 7. Nge2 Bd6 8. Nxe4
Bxe4 9. Bxe4 Nf6 10. Bg2 Qc7 11. O-O Nbd7 12. c4 Rd8 13. Nc3 O-O 14. Be3 a6 15.
f4 c5 16. d5 exd5 17. g5 d4 18. gxf6 Nxf6 19. Bd2 1/2-1/2

[Event "18. Sparkassen Open 2019 - Gruppe A"]
[Site "Forchheim"]
[Date "2019.10.06"]
[Round "5.6"]
[White "Manthey, Frank"]
[Black "Böhme, Markus"]
[Result "1/2-1/2"]
[WhiteElo "2058"]
[BlackElo "2089"]
[PlyCount "48"]
[EventDate "2019.??.??"]
[WhiteTeam "SK Schwanstetten 79 e.V."]
[BlackTeam "SC Uttenreuth e.V."]

1. e4 c5 2. c3 d5 3. exd5 Qxd5 4. d4 g6 5. dxc5 Qxc5 6. Be3 Qc7 7. Na3 a6 8.
Nc4 Nd7 9. a4 Ngf6 10. Qd2 Bg7 11. Nf3 O-O 12. Be2 Ng4 13. O-O Nxe3 14. Qxe3
Nc5 15. b4 Ne6 16. Nb6 Rb8 17. Nd5 Qd8 18. Rfd1 Qe8 19. b5 Bd7 20. Nb6 Rd8 21.
Ne5 Bc8 22. c4 Rd6 23. c5 Nxc5 24. Nxc8 Qxc8 1/2-1/2

[Event "18. Sparkassen Open 2019 - Gruppe A"]
[Site "Forchheim"]
[Date "2019.10.06"]
[Round "5.7"]
[White "Hilverda, Alexander"]
[Black "Braun, Michael"]
[Result "1-0"]
[WhiteElo "2301"]
[BlackElo "2061"]
[PlyCount "87"]
[EventDate "2019.??.??"]
[WhiteTeam "SC Erlangen 48/88"]
[BlackTeam "SG Büchenbach/Roth e.V."]

1. d4 f5 2. g3 Nf6 3. Bg2 e6 4. c4 Be7 5. Nh3 O-O 6. O-O d6 7. b3 e5 8. dxe5
dxe5 9. Bb2 Qxd1 10. Rxd1 e4 11. Nc3 c6 12. f3 Na6 13. fxe4 Bc5+ 14. Kh1 fxe4
15. Ng5 Nb4 16. Ncxe4 Nxe4 17. Bxe4 h6 18. Nf3 Re8 19. Bg6 Rf8 20. a3 Na6 21.
b4 Be7 22. Rd3 Bg4 23. Rad1 Rad8 24. Kg2 Nc7 25. Be5 Rxd3 26. Rxd3 Ne8 27. Bb8
a6 28. Re3 Bd6 29. Ba7 Nf6 30. Bd4 Rd8 31. Bb6 Rf8 32. Nd4 Nd7 33. c5 Bb8 34.
h3 Nxb6 35. cxb6 Bc8 36. Nb3 Bd6 37. Nc5 Bxc5 38. bxc5 Bf5 39. Be8 Bc8 40. g4
Rf6 41. Rf3 Rxf3 42. Kxf3 Kf8 43. Bg6 Ke7 44. Bf5 1-0

[Event "18. Sparkassen Open 2019 - Gruppe A"]
[Site "Forchheim"]
[Date "2019.10.06"]
[Round "5.8"]
[White "Liemann, Michael"]
[Black "Ulusoy, Tolga"]
[Result "0-1"]
[WhiteElo "2188"]
[BlackElo "2023"]
[PlyCount "84"]
[EventDate "2019.??.??"]
[BlackTeam "SC Noris-Tarrasch Nürnberg 1873"]

1. e4 c5 2. Nc3 Nc6 3. g3 g6 4. Bg2 Bg7 5. d3 e6 6. Be3 d6 7. f4 Nge7 8. Nf3
Nd4 9. O-O O-O 10. e5 Nec6 11. exd6 Qxd6 12. Ne4 Qe7 13. c3 f5 14. cxd4 cxd4
15. Nxd4 Nxd4 16. Nc3 Qb4 17. Rf2 Bd7 18. Rc1 Rac8 19. Kh1 Bc6 20. Qe1 Qd6 21.
Bxd4 Bxd4 22. Re2 Rfe8 23. Rcc2 a6 24. a3 Kf7 25. Qf1 Re7 26. Nd1 Rec7 27. Bxc6
Rxc6 28. Qg2 Qd5 29. Qxd5 exd5 30. Rcd2 Re6 31. Rxe6 Kxe6 32. Kg2 b5 33. Kf3 a5
34. Ne3 Rc1 35. Nd1 h5 36. h3 Kd6 37. h4 Kc5 38. Ke2 a4 39. Kf3 b4 40. axb4+
Kxb4 41. Ne3 Bxe3 42. Kxe3 Kb3 0-1

[Event "18. Sparkassen Open 2019 - Gruppe A"]
[Site "Forchheim"]
[Date "2019.10.06"]
[Round "5.9"]
[White "Redzepovic, Irfan"]
[Black "Tong, Kevin"]
[Result "0-1"]
[WhiteElo "2055"]
[BlackElo "2155"]
[PlyCount "76"]
[EventDate "2019.??.??"]
[WhiteTeam "SC Schwarz-Weiß Nürnberg Süd e.V"]
[BlackTeam "SC Erlangen 48/88"]

1. d4 d5 2. Nf3 Nf6 3. c4 c6 4. Nc3 dxc4 5. a4 Bf5 6. e3 e6 7. Bxc4 Bb4 8. O-O
O-O 9. Qe2 Bg4 10. h3 Bh5 11. Rd1 Nbd7 12. e4 Re8 13. Bf4 Nd5 14. Bd2 Qa5 15.
Qd3 Nxc3 16. bxc3 Bf8 17. Rdb1 Qc7 18. Nh2 e5 19. Nf1 Bg6 20. Ng3 Rad8 21. Qf3
exd4 22. cxd4 Ne5 23. dxe5 Rxd2 24. Qc3 Rd7 25. f4 Bc5+ 26. Kf1 Bd4 27. Qb3
Bxa1 28. Rxa1 h5 29. h4 Red8 30. Re1 Rd2 31. f5 Bh7 32. Nxh5 Qxe5 33. Qxb7 Rf8
34. Qb3 Qd4 35. Be2 Qxe4 36. Qc3 Qd4 37. Qf3 Qxh4 38. Rc1 Qh1+ 0-1

[Event "18. Sparkassen Open 2019 - Gruppe A"]
[Site "Forchheim"]
[Date "2019.10.06"]
[Round "5.11"]
[White "Amtmann, Florian"]
[Black "Adelhütte, Dennis"]
[Result "1-0"]
[WhiteElo "2113"]
[BlackElo "2008"]
[PlyCount "111"]
[EventDate "2019.??.??"]
[WhiteTeam "Spvgg 1946 e.V. Stetten"]
[BlackTeam "SC JÄKLECHEMIE Talente Franken e"]

1. e4 e6 2. d4 d5 3. e5 c5 4. c3 Nc6 5. Nf3 Qb6 6. a3 f6 7. Bd3 g6 8. b4 c4 9.
Bc2 Bg7 10. Qe2 fxe5 11. dxe5 Nge7 12. Be3 Qc7 13. Bd4 O-O 14. O-O Bd7 15. Bc5
Rxf3 16. Qxf3 Bxe5 17. g3 b6 18. Bxe7 Nxe7 19. Nd2 Rf8 20. Qe3 Nc6 21. Nf3 Bg7
22. Rad1 Ne5 23. Nd4 Ng4 24. Qe2 e5 25. Nb5 Bxb5 26. Qxg4 Bd7 27. Qe2 d4 28.
Be4 b5 29. a4 a6 30. axb5 axb5 31. Qd2 Bc6 32. Rfe1 Bxe4 33. Rxe4 Qc6 34. Rde1
Rf3 35. cxd4 exd4 36. Re8+ Rf8 37. Rxf8+ Kxf8 38. Qf4+ Bf6 39. g4 Kg8 40. g5
Bd8 41. Qxd4 Bxg5 42. Re5 c3 43. Rc5 Bf6 44. Rxc6 Bxd4 45. Kf1 Kf7 46. Ke2 h5
47. f3 g5 48. Kd3 Bg1 49. h3 Ke7 50. Kxc3 Kd7 51. Rh6 h4 52. Rg6 Be3 53. Kd3
Bf4 54. Rb6 Bc7 55. Rxb5 Kc6 56. Rf5 1-0

[Event "18. Sparkassen Open 2019 - Gruppe A"]
[Site "Forchheim"]
[Date "2019.10.06"]
[Round "5.12"]
[White "Kolb, Tobias"]
[Black "Vennemann, Jürgen"]
[Result "1-0"]
[WhiteElo "2073"]
[BlackElo "1949"]
[PlyCount "61"]
[EventDate "2019.??.??"]
[WhiteTeam "SV Seubelsdorf e.V."]
[BlackTeam "SC Hersbruck"]

1. e4 c6 2. d4 d5 3. exd5 cxd5 4. Bd3 Nc6 5. c3 Qc7 6. Ne2 Bg4 7. O-O e6 8. Qe1
Bd6 9. f3 Bh5 10. Qh4 Bg6 11. Bxg6 fxg6 12. Bf4 e5 13. dxe5 Bxe5 14. Bxe5 Qxe5
15. Re1 Nge7 16. Nf4 g5 17. Qh5+ g6 18. Rxe5 gxh5 19. Rxg5 d4 20. Ne6 dxc3 21.
Nxc3 Kf7 22. Re1 h4 23. Rg4 Ng6 24. f4 h3 25. Ng5+ Kf6 26. Nxh3 Rae8 27. Nd5+
Kf7 28. Ng5+ Kg7 29. Ne6+ Kf7 30. f5 Rxe6 31. fxe6+ 1-0

[Event "18. Sparkassen Open 2019 - Gruppe A"]
[Site "Forchheim"]
[Date "2019.10.06"]
[Round "5.13"]
[White "Ochs, Daniel Elias"]
[Black "Blodig, Stefan"]
[Result "1/2-1/2"]
[WhiteElo "2065"]
[BlackElo "2131"]
[PlyCount "45"]
[EventDate "2019.??.??"]
[WhiteTeam "Wiesbadener SV 1885"]
[BlackTeam "TV Riedenburg Schach"]

1. d4 d5 2. c4 e6 3. Nf3 c5 4. e3 Nc6 5. a3 Nf6 6. dxc5 Bxc5 7. b4 Bd6 8. Bb2
O-O 9. Nbd2 b6 10. Bd3 Bb7 11. O-O Rc8 12. Qe2 Qe7 13. cxd5 exd5 14. Nd4 Nxd4
15. Bxd4 Ne4 16. Nf3 Bb8 17. Rac1 f5 18. g3 g5 19. Rxc8 Bxc8 20. Ba1 h5 21. Qb2
Kh7 22. Ne5 Bb7 23. f3 1/2-1/2

[Event "18. Sparkassen Open 2019 - Gruppe A"]
[Site "Forchheim"]
[Date "2019.10.06"]
[Round "5.14"]
[White "Kirchner, Markus"]
[Black "Feldheim, Jonas"]
[Result "1/2-1/2"]
[WhiteElo "2060"]
[BlackElo "2095"]
[PlyCount "55"]
[EventDate "2019.??.??"]
[WhiteTeam "1.Hainstädter SC 1950"]
[BlackTeam "Spvgg 1946 e.V. Stetten"]

1. e4 e6 2. d4 d5 3. Nd2 c5 4. exd5 Qxd5 5. Ngf3 cxd4 6. Bc4 Qd6 7. O-O Nf6 8.
Nb3 Nc6 9. Nbxd4 Nxd4 10. Nxd4 a6 11. Re1 Qc7 12. Bb3 Bd6 13. Nf5 Bxh2+ 14. Kh1
O-O 15. Nxg7 Rd8 16. Qf3 Kxg7 17. Bh6+ Kg6 18. Qe3 Qa5 19. c3 Qh5 20. Bc2+ Ne4
21. Bxe4+ f5 22. Bf3 Qh4 23. Bg5 Qxg5 24. Qxg5+ Kxg5 25. Kxh2 Ra7 26. Rad1 Rxd1
27. Rxd1 b5 28. Rd8 1/2-1/2

[Event "18. Sparkassen Open 2019 - Gruppe A"]
[Site "Forchheim"]
[Date "2019.10.06"]
[Round "5.15"]
[White "Niebler, Paul"]
[Black "Atkinson, Paul"]
[Result "1-0"]
[WhiteElo "1920"]
[BlackElo "2145"]
[PlyCount "113"]
[EventDate "2019.??.??"]
[BlackTeam "SV Empor Berlin e.V."]

1. e4 c5 2. Nf3 Nc6 3. Bb5 g6 4. O-O Bg7 5. Re1 e5 6. c3 Nge7 7. d3 O-O 8. Bg5
Qb6 9. Bxc6 Nxc6 10. Qb3 Qxb3 11. axb3 h6 12. Bh4 g5 13. Bg3 d6 14. Na3 f5 15.
exf5 Bxf5 16. Nb5 Rfd8 17. d4 cxd4 18. cxd4 e4 19. d5 Nb4 20. Nfd4 Bxd4 21.
Nxd4 Bg6 22. Ne6 Rd7 23. Ra4 Nd3 24. Rea1 a6 25. Rc4 Nxb2 26. Rc7 Rxc7 27. Nxc7
Rd8 28. Ne6 Rc8 29. Bxd6 Bf7 30. Nc7 Nd3 31. h3 Nc5 32. Re1 Bg6 33. f3 exf3 34.
gxf3 Bf7 35. Re7 Nxb3 36. Be5 Nc5 37. d6 Rd8 38. Kf1 a5 39. Kg2 a4 40. Nb5 Bc4
41. Nd4 Nd7 42. Bg7 h5 43. Nf5 Kh7 44. Bc3+ Kg6 45. Ne3 Bf7 46. Ba5 b6 47. Bb4
Nc5 48. Bxc5 bxc5 49. Ra7 Rxd6 50. Rxa4 Rd2+ 51. Kg1 Kf6 52. Re4 Be6 53. h4
gxh4 54. Rxh4 Bf7 55. Rf4+ Kg6 56. Nc4 Bd5 57. Nxd2 1-0